Psoriatická artritida

Bibliographic Details
Main Author: Štolfa, J. (Author)
Format: Article
Language:Czech

MARC

LEADER 00000nab a2200000uu 4500
001 vtls011136201
003 SK-MaSNL
005 20260303125346.0
008 230218|2006 xo |||||||||||||||||cze|
015 |a SNBRB 
035 |a (urnnbn)urn:nbn:sk:snk:ar-007pjj 
035 |a (uuid)c9c0447c-17f7-40ca-8963-fecafdd57bc3 
035 |a urn:nbn:sk:snk-abap3u 
040 |a SNKBUCL  |b slo  |c SNKBUCL  |e AACR2 
041 0 |a cze 
044 |a xo  |c SK 
100 1 |a Štolfa, J.  |4 aut  |9 1143766 
245 1 0 |a Psoriatická artritida  |c J. Štolfa 
773 0 |t Česko-slovenská dermatologie : časopis dermatovenerologických společností  |g Roč. 81, č. 3 (2006), s. 128-135 
954 |a odborná, vedecká literatúra cudzojazyčná (svetová)  |2 lita 
958 |a OND 
958 |a EUIPO 
958 |a article14 
999 |c 1934256  |d 1936186